Algebra and trigonometry / (Record no. 24774)
[ view plain ]
| 000 -LEADER | |
|---|---|
| fixed length control field | 00773nam a22002297a 4500 |
| 008 - FIXED-LENGTH DATA ELEMENTS--GENERAL INFORMATION | |
| fixed length control field | 090220t xxu||||| |||| 00| 0 eng d |
| 010 ## - LCCN (DPL NO) | |
| LC control number | ENG-93055 |
| 020 ## - INTERNATIONAL STANDARD BOOK NUMBER | |
| Terms of availability | 310.00 |
| 035 ## - SYSTEM CONTROL NUMBER | |
| System control number | EN-76588 |
| 037 ## - SOURCE OF ACQUISITION | |
| Source of stock number/acquisition | DBAD / PUB |
| 040 ## - CATALOGING SOURCE | |
| Original cataloging agency | dpl |
| Language of cataloging | English |
| 082 ## - DEWEY DECIMAL CLASSIFICATION NUMBER | |
| Classification number | 512 |
| 100 ## - MAIN ENTRY--PERSONAL NAME | |
| Personal name | Selvi, K. Tamil |
| 245 ## - TITLE STATEMENT | |
| Title | Algebra and trigonometry / |
| Remainder of title | by K. Tamil Selvi |
| 260 ## - PUBLICATION, DISTRIBUTION, ETC. (IMPRINT) | |
| Place of publication, distribution, etc | Chennai |
| Name of publisher, distributor, etc | Nivethita Publication |
| Date of publication, distribution, etc | 2006 |
| 270 ## - ADDRESS | |
| Address | 1, 3rd Floor, Pudur 13th Street, Ashok Nagar, |
| City | Chennai |
| Postal code | 83 |
| 300 ## - PHYSICAL DESCRIPTION | |
| Extent | 503p. |
| Dimensions | 20cm (pbk) |
| 650 ## - SUBJECT ADDED ENTRY--TOPICAL TERM | |
| Topical term or geographic name as entry element | Algebra. |
| 650 ## - SUBJECT ADDED ENTRY--TOPICAL TERM | |
| Topical term or geographic name as entry element | Trigonometry. |
| 942 ## - ADDED ENTRY ELEMENTS (KOHA) | |
| Source of classification or shelving scheme | Dewey Decimal Classification |
| Item type | English Books |
| Call number suffix | SEL |
| Classification part | 512 |
| Withdrawn status | Lost status | Source of classification or shelving scheme | Damaged status | Not for loan | Collection code | Home library | Current library | Date acquired | Source of acquisition | Cost, normal purchase price | Total Checkouts | Full call number | Barcode | Date last seen | Copy number | Cost, replacement price | Koha item type |
|---|---|---|---|---|---|---|---|---|---|---|---|---|---|---|---|---|---|
| Dewey Decimal Classification | Not For Loan | Non-fiction | D.B.Act.Division | D.B.Act.Division | 04/03/2009 | DBAD / PUB | 310.00 | 512 SEL | EN-76588 | 04/03/2009 | 1 | 310.00 | English Books |
